[Event "RUS-ch Blitz 2021"]
[Site "Sochi"]
[Date "2021.10.11"]
[Round "2.6"]
[White "Tsydypov, Zhamsaran"]
[Black "Gubsky, Egor"]
[Result "1-0"]
[WhiteElo "2526"]
[BlackElo "2339"]
[Annotator "ChessBase"]
[PlyCount "65"]
[EventDate "2021.10.11"]
[EventType "blitz"]
[EventCountry "RUS"]
[SourceTitle "playchess.com"]
[Source "ChessBase"]
[SourceQuality "1"]
[TimeControl "180+2"]

1. e4 {[%emt 0:00:00]} c5 {[%emt 0:00:03]} 2. Nf3 {[%emt 0:00:05]} Nc6 {
[%emt 0:00:04]} 3. Bb5 {[%emt 0:00:00]} e6 {[%emt 0:00:00]} 4. Bxc6 {[%emt 0:
00:07]} bxc6 {[%emt 0:00:00]} 5. Qe2 {[%emt 0:00:05]} Ne7 {[%emt 0:00:03]} 6.
d3 {[%emt 0:00:00]} f6 {[%emt 0:00:03]} 7. h4 {[%emt 0:00:22]} h5 {[%emt 0:00:
18]} 8. e5 {[%emt 0:00:00]} d6 {[%emt 0:00:21]} 9. exd6 {[%emt 0:00:13]} Nf5 {
[%emt 0:00:00]} 10. Nbd2 {[%emt 0:00:01]} Bxd6 {[%emt 0:00:05]} 11. Ne4 {
[%emt 0:00:05]} e5 {[%emt 0:00:13]} 12. c3 {[%emt 0:00:04]} Ba6 {[%emt 0:00:10]
} 13. O-O {[%emt 0:00:02]} Be7 {[%emt 0:00:06]} 14. Rd1 {[%emt 0:00:03]} Qd5 {
[%emt 0:00:11]} 15. b3 {[%emt 0:00:04]} Rd8 {[%emt 0:00:00]} 16. c4 {[%emt 0:
00:00]} Qd7 {[%emt 0:00:33]} 17. Ba3 {[%emt 0:00:00]} Nd4 {[%emt 0:00:02]} 18.
Nxd4 {[%emt 0:00:01]} cxd4 {[%emt 0:00:04]} 19. Bxe7 {[%emt 0:00:08]} Qxe7 {
[%emt 0:00:00]} 20. c5 {[%emt 0:00:08]} Bc8 {[%emt 0:00:05]} 21. Nd6+ {[%emt 0:
00:08]} Kf8 {[%emt 0:00:07]} 22. Qe4 {[%emt 0:00:05]} Qc7 {[%emt 0:00:07]} 23.
f4 {[%emt 0:00:06]} Rxd6 {[%emt 0:00:30]} 24. cxd6 {[%emt 0:00:05]} Qxd6 {
[%emt 0:00:00]} 25. Rac1 {[%emt 0:00:00]} Bd7 {[%emt 0:00:09]} 26. fxe5 {
[%emt 0:00:11]} Qxe5 {[%emt 0:00:05]} 27. Qxe5 {[%emt 0:00:06]} fxe5 {[%emt 0:
00:02]} 28. Re1 {[%emt 0:00:01]} Bf5 {[%emt 0:00:20]} 29. Rxe5 {[%emt 0:00:06]}
g6 {[%emt 0:00:09]} 30. Rxc6 {[%emt 0:00:03]} Bxd3 {[%emt 0:00:04]} 31. Rc8+ {
[%emt 0:00:05]} Kg7 {[%emt 0:00:00]} 32. Rxh8 {[%emt 0:00:00]} Kxh8 {[%emt 0:
00:04]} 33. Rd5 {[%emt 0:00:00]} 1-0

[Event "RUS-ch Blitz 2021"]
[Site "Sochi"]
[Date "2021.10.11"]
[Round "2.7"]
[White "Grachev, Boris"]
[Black "Gochelashvili, David"]
[Result "1-0"]
[WhiteElo "2615"]
[BlackElo "2400"]
[Annotator "ChessBase"]
[PlyCount "79"]
[EventDate "2021.10.11"]
[EventType "blitz"]
[EventCountry "RUS"]
[SourceTitle "playchess.com"]
[Source "ChessBase"]
[SourceQuality "1"]
[TimeControl "180+2"]

1. d4 {[%emt 0:00:04]} Nf6 {[%emt 0:00:00]} 2. Nf3 {[%emt 0:00:00]} d6 {
[%emt 0:00:08]} 3. Bf4 {[%emt 0:00:01]} Nh5 {[%emt 0:00:07]} 4. Bc1 {[%emt 0:
00:00]} g6 {[%emt 0:00:04]} 5. c3 {[%emt 0:00:02]} Bg7 {[%emt 0:00:03]} 6. e4 {
[%emt 0:00:01]} O-O {[%emt 0:00:02]} 7. h3 {[%emt 0:00:15]} b6 {[%emt 0:00:23]}
8. Bd3 {[%emt 0:00:04]} Bb7 {[%emt 0:00:06]} 9. O-O {[%emt 0:00:02]} Nd7 {
[%emt 0:00:07]} 10. Re1 {[%emt 0:00:08]} e5 {[%emt 0:00:03]} 11. a4 {[%emt 0:
00:07]} a5 {[%emt 0:00:00]} 12. Na3 {[%emt 0:00:00]} Re8 {[%emt 0:00:14]} 13.
Bg5 {[%emt 0:00:00]} Bf6 {[%emt 0:00:07]} 14. Bd2 {[%emt 0:00:16]} Nf8 {
[%emt 0:00:26]} 15. d5 {[%emt 0:00:20]} Nf4 {[%emt 0:00:04]} 16. Bb5 {[%emt 0:
00:03]} Nd7 {[%emt 0:00:22]} 17. Qc1 {[%emt 0:00:27]} Nh5 {[%emt 0:00:11]} 18.
Nc4 {[%emt 0:00:09]} Ba6 {[%emt 0:00:13]} 19. Bxa6 {[%emt 0:00:12]} Rxa6 {
[%emt 0:00:00]} 20. Qc2 {[%emt 0:00:04]} Qa8 {[%emt 0:00:15]} 21. Na3 {[%emt 0:
00:09]} Qc8 {[%emt 0:00:23]} 22. Nb5 {[%emt 0:00:05]} Ra8 {[%emt 0:00:00]} 23.
b4 {[%emt 0:00:03]} Rf8 {[%emt 0:00:07]} 24. Qd3 {[%emt 0:00:06]} Nf4 {[%emt 0:
00:05]} 25. Qc4 {[%emt 0:00:00]} Bd8 {[%emt 0:00:07]} 26. Bxf4 {[%emt 0:00:11]}
exf4 {[%emt 0:00:00]} 27. bxa5 {[%emt 0:00:00]} bxa5 {[%emt 0:00:05]} 28. e5 {
[%emt 0:00:00]} dxe5 {[%emt 0:00:04]} 29. Nxe5 {[%emt 0:00:01]} Nxe5 {[%emt 0:
00:03]} 30. Rxe5 {[%emt 0:00:05]} Bf6 {[%emt 0:00:02]} 31. Re4 {[%emt 0:00:11]}
f3 {[%emt 0:00:05]} 32. g4 {[%emt 0:00:19]} Qd7 {[%emt 0:00:00]} 33. Rf4 {
[%emt 0:00:09]} Be5 {[%emt 0:00:03]} 34. Rxf3 {[%emt 0:00:00]} Rad8 {[%emt 0:
00:03]} 35. Re1 {[%emt 0:00:18]} Rfe8 {[%emt 0:00:08]} 36. Rfe3 {[%emt 0:00:00]
} f6 {[%emt 0:00:01]} 37. d6+ {[%emt 0:00:00]} Kg7 {[%emt 0:00:03]} 38. Qxc7 {
[%emt 0:00:09]} Qxc7 {[%emt 0:00:00]} 39. dxc7 {[%emt 0:00:05]} Rc8 {[%emt 0:
00:00]} 40. f4 {[%emt 0:00:00]} 1-0

[Event "RUS-ch Blitz 2021"]
[Site "Sochi"]
[Date "2021.10.11"]
[Round "2.8"]
[White "Smagin, Sergey"]
[Black "Alekseev, Evgeny"]
[Result "1/2-1/2"]
[WhiteElo "2551"]
[BlackElo "2602"]
[Annotator "ChessBase"]
[PlyCount "94"]
[EventDate "2021.10.11"]
[EventType "blitz"]
[EventCountry "RUS"]
[SourceTitle "playchess.com"]
[Source "ChessBase"]
[SourceQuality "1"]
[TimeControl "180+2"]

1. e4 {[%emt 0:00:00]} c5 {[%emt 0:00:14]} 2. c3 {[%emt 0:00:02]} d5 {[%emt 0:
00:00]} 3. exd5 {[%emt 0:00:00]} Qxd5 {[%emt 0:00:00]} 4. d4 {[%emt 0:00:00]}
e6 {[%emt 0:00:00]} 5. Nf3 {[%emt 0:00:00]} Nf6 {[%emt 0:00:00]} 6. Be3 {
[%emt 0:01:07]} cxd4 {[%emt 0:00:00]} 7. cxd4 {[%emt 0:00:00]} Be7 {[%emt 0:00:
00]} 8. Nc3 {[%emt 0:00:00]} Qd8 {[%emt 0:00:00]} 9. Bd3 {[%emt 0:00:00]} O-O {
[%emt 0:00:00]} 10. Qc2 {[%emt 0:00:00]} Nbd7 {[%emt 0:00:00]} 11. a4 {[%emt 0:
00:00]} b6 {[%emt 0:00:29]} 12. O-O {[%emt 0:00:02]} Bb7 {[%emt 0:00:00]} 13.
Ne5 {[%emt 0:00:01]} Rc8 {[%emt 0:00:14]} 14. Rad1 {[%emt 0:00:02]} Bd6 {
[%emt 0:01:10]} 15. f4 {[%emt 0:00:03]} g6 {[%emt 0:00:05]} 16. Qe2 {[%emt 0:
00:19]} Nd5 {[%emt 0:00:02]} 17. Nxd5 {[%emt 0:00:00]} Bxd5 {[%emt 0:00:01]}
18. Ba6 {[%emt 0:00:04]} Rc7 {[%emt 0:00:04]} 19. Rc1 {[%emt 0:00:06]} Nf6 {
[%emt 0:00:07]} 20. Rxc7 {[%emt 0:00:06]} Qxc7 {[%emt 0:00:00]} 21. Rc1 {
[%emt 0:00:04]} Qe7 {[%emt 0:00:00]} 22. Bf2 {[%emt 0:00:32]} Ne4 {[%emt 0:00:
08]} 23. Be1 {[%emt 0:00:07]} f6 {[%emt 0:00:23]} 24. Nc6 {[%emt 0:00:14]} Qg7
{[%emt 0:00:00]} 25. Bd3 {[%emt 0:00:04]} Bxf4 {[%emt 0:00:14]} 26. Rc2 {
[%emt 0:00:18]} f5 {[%emt 0:00:06]} 27. Bb4 {[%emt 0:00:24]} Re8 {[%emt 0:00:
00]} 28. g3 {[%emt 0:00:00]} Bxc6 {[%emt 0:00:12]} 29. Rxc6 {[%emt 0:00:01]}
Qxd4+ {[%emt 0:00:00]} 30. Kg2 {[%emt 0:00:00]} Qxb4 {[%emt 0:00:15]} 31. gxf4
{[%emt 0:00:00]} Re7 {[%emt 0:00:00]} 32. Bxe4 {[%emt 0:00:00]} Qxe4+ {[%emt 0:
00:03]} 33. Qxe4 {[%emt 0:00:04]} fxe4 {[%emt 0:00:00]} 34. Kf2 {[%emt 0:00:04]
} Kf7 {[%emt 0:00:05]} 35. Ke3 {[%emt 0:00:00]} Rd7 {[%emt 0:00:04]} 36. Kxe4 {
[%emt 0:00:00]} Kf6 {[%emt 0:00:01]} 37. b4 {[%emt 0:00:01]} h5 {[%emt 0:00:02]
} 38. h4 {[%emt 0:00:02]} Rd1 {[%emt 0:00:02]} 39. Rc7 {[%emt 0:00:04]} Rb1 {
[%emt 0:00:00]} 40. b5 {[%emt 0:00:00]} Rb4+ {[%emt 0:00:00]} 41. Kf3 {[%emt 0:
00:05]} Rxa4 {[%emt 0:00:02]} 42. Rb7 {[%emt 0:00:10]} Ra3+ {[%emt 0:00:01]}
43. Ke4 {[%emt 0:00:00]} Ra5 {[%emt 0:00:00]} 44. Kf3 {[%emt 0:00:00]} Rxb5 {
[%emt 0:00:00]} 45. Rxa7 {[%emt 0:00:00]} Rb3+ {[%emt 0:00:10]} 46. Ke4 {
[%emt 0:00:00]} Rh3 {[%emt 0:00:00]} 47. Rb7 {[%emt 0:00:03]} Rxh4 {[%emt 0:00:
00]} 1/2-1/2

[Event "RUS-ch Blitz 2021"]
[Site "Sochi"]
[Date "2021.10.11"]
[Round "2.9"]
[White "Timofeev, Artyom"]
[Black "Dudin, Gleb"]
[Result "1-0"]
[WhiteElo "2586"]
[BlackElo "2438"]
[Annotator "ChessBase"]
[PlyCount "76"]
[EventDate "2021.10.11"]
[EventType "blitz"]
[EventCountry "RUS"]
[SourceTitle "playchess.com"]
[Source "ChessBase"]
[SourceQuality "1"]
[TimeControl "180+2"]

1. c4 {[%emt 0:00:00]} e5 {[%emt 0:00:58]} 2. e3 {[%emt 0:00:07]} Nf6 {[%emt 0:
00:12]} 3. Nc3 {[%emt 0:00:02]} Nc6 {[%emt 0:00:25]} 4. d3 {[%emt 0:00:01]} Bb4
{[%emt 0:00:11]} 5. Bd2 {[%emt 0:00:02]} O-O {[%emt 0:00:10]} 6. Nf3 {[%emt 0:
00:00]} Re8 {[%emt 0:00:02]} 7. Be2 {[%emt 0:00:02]} Bf8 {[%emt 0:00:15]} 8.
O-O {[%emt 0:00:06]} d5 {[%emt 0:00:17]} 9. cxd5 {[%emt 0:00:01]} Nxd5 {
[%emt 0:00:00]} 10. a3 {[%emt 0:00:06]} g6 {[%emt 0:00:15]} 11. Rc1 {[%emt 0:
00:01]} Bg7 {[%emt 0:00:06]} 12. b4 {[%emt 0:00:04]} a6 {[%emt 0:00:12]} 13.
Qc2 {[%emt 0:00:04]} h6 {[%emt 0:00:03]} 14. Ne4 {[%emt 0:00:04]} Kh7 {[%emt 0:
00:06]} 15. Rfd1 {[%emt 0:00:09]} f5 {[%emt 0:00:06]} 16. Nc5 {[%emt 0:00:00]}
Na7 {[%emt 0:00:12]} 17. e4 {[%emt 0:00:06]} Nf6 {[%emt 0:00:00]} 18. Bc3 {
[%emt 0:00:07]} b6 {[%emt 0:00:06]} 19. Nb3 {[%emt 0:00:00]} Qd6 {[%emt 0:00:
02]} 20. d4 {[%emt 0:00:12]} Nxe4 {[%emt 0:00:02]} 21. dxe5 {[%emt 0:00:07]}
Qe7 {[%emt 0:00:00]} 22. Bb2 {[%emt 0:00:03]} c6 {[%emt 0:00:04]} 23. Nbd4 {
[%emt 0:00:22]} Bd7 {[%emt 0:00:00]} 24. Bd3 {[%emt 0:00:00]} Ng5 {[%emt 0:00:
04]} 25. Re1 {[%emt 0:00:06]} Nxf3+ {[%emt 0:00:00]} 26. Nxf3 {[%emt 0:00:04]}
Be6 {[%emt 0:00:01]} 27. Nd4 {[%emt 0:00:03]} Bd5 {[%emt 0:00:00]} 28. f4 {
[%emt 0:00:18]} Qb7 {[%emt 0:00:06]} 29. Bxf5 {[%emt 0:00:06]} gxf5 {[%emt 0:
00:02]} 30. Nxf5 {[%emt 0:00:02]} Kg8 {[%emt 0:00:02]} 31. Nd6 {[%emt 0:00:00]}
Qd7 {[%emt 0:00:03]} 32. Nxe8 {[%emt 0:00:08]} Rxe8 {[%emt 0:00:00]} 33. f5 {
[%emt 0:00:03]} Nb5 {[%emt 0:00:01]} 34. a4 {[%emt 0:00:05]} Nc7 {[%emt 0:00:
02]} 35. Rcd1 {[%emt 0:00:07]} Qf7 {[%emt 0:00:01]} 36. Rd4 {[%emt 0:00:03]}
Rc8 {[%emt 0:00:06]} 37. Rg4 {[%emt 0:00:09]} Kf8 {[%emt 0:00:00]} 38. e6 {
[%emt 0:00:00]} Ra8 {[%emt 0:00:04]} 1-0

[Event "RUS-ch Blitz 2021"]
[Site "Sochi"]
[Date "2021.10.11"]
[Round "2.10"]
[White "Rodin, Dmitrij"]
[Black "Kobalia, Mikhail"]
[Result "0-1"]
[WhiteElo "2359"]
[BlackElo "2600"]
[Annotator "ChessBase"]
[PlyCount "74"]
[EventDate "2021.10.11"]
[EventType "blitz"]
[EventCountry "RUS"]
[SourceTitle "playchess.com"]
[Source "ChessBase"]
[SourceQuality "1"]
[TimeControl "180+2"]

1. e4 {[%emt 0:00:00]} c6 {[%emt 0:00:00]} 2. d4 {[%emt 0:00:06]} d5 {[%emt 0:
00:01]} 3. e5 {[%emt 0:00:00]} Bf5 {[%emt 0:00:05]} 4. Nd2 {[%emt 0:00:16]} e6
{[%emt 0:00:00]} 5. Nb3 {[%emt 0:00:00]} Ne7 {[%emt 0:00:00]} 6. Nf3 {[%emt 0:
00:05]} h6 {[%emt 0:00:00]} 7. Be2 {[%emt 0:00:00]} Nd7 {[%emt 0:00:00]} 8. O-O
{[%emt 0:00:04]} Qc7 {[%emt 0:00:00]} 9. a4 {[%emt 0:00:14]} a6 {[%emt 0:00:01]
} 10. Bd2 {[%emt 0:00:04]} c5 {[%emt 0:00:06]} 11. Nxc5 {[%emt 0:00:52]} Nxc5 {
[%emt 0:00:04]} 12. dxc5 {[%emt 0:00:00]} Qxc5 {[%emt 0:00:26]} 13. Be3 {
[%emt 0:00:25]} Qc7 {[%emt 0:00:00]} 14. Qd2 {[%emt 0:00:26]} Bg4 {[%emt 0:00:
13]} 15. c4 {[%emt 0:00:14]} dxc4 {[%emt 0:00:07]} 16. Rfc1 {[%emt 0:00:00]}
Bxf3 {[%emt 0:00:00]} 17. Bxf3 {[%emt 0:00:10]} Ng6 {[%emt 0:00:13]} 18. Qd4 {
[%emt 0:00:06]} Nxe5 {[%emt 0:00:10]} 19. Bxb7 {[%emt 0:00:05]} Rd8 {[%emt 0:
00:15]} 20. Qb6 {[%emt 0:00:14]} Qxb6 {[%emt 0:00:31]} 21. Bxb6 {[%emt 0:00:00]
} Rb8 {[%emt 0:00:00]} 22. Bc7 {[%emt 0:00:00]} Rxb7 {[%emt 0:00:00]} 23. Bxe5
{[%emt 0:00:00]} f6 {[%emt 0:00:01]} 24. Bg3 {[%emt 0:00:09]} e5 {[%emt 0:00:
03]} 25. Rxc4 {[%emt 0:00:04]} Kf7 {[%emt 0:00:48]} 26. Rc6 {[%emt 0:00:05]}
Rxb2 {[%emt 0:00:07]} 27. Rxa6 {[%emt 0:00:00]} Bc5 {[%emt 0:00:03]} 28. h4 {
[%emt 0:00:00]} h5 {[%emt 0:00:14]} 29. Rd1 {[%emt 0:00:01]} Bd4 {[%emt 0:00:
03]} 30. Rc1 {[%emt 0:00:03]} Rhb8 {[%emt 0:00:02]} 31. Rc7+ {[%emt 0:00:08]}
Kg6 {[%emt 0:00:03]} 32. Rd6 {[%emt 0:00:03]} Rd2 {[%emt 0:00:05]} 33. Rdd7 {
[%emt 0:00:04]} Rb1+ {[%emt 0:00:06]} 34. Kh2 {[%emt 0:00:00]} Rdd1 {[%emt 0:
00:00]} 35. Rxg7+ {[%emt 0:00:03]} Kf5 {[%emt 0:00:00]} 36. Bxe5 {[%emt 0:00:
03]} Bxe5+ {[%emt 0:00:00]} 37. g3 {[%emt 0:00:03]} Bxc7 {[%emt 0:00:01]} 0-1

[Event "RUS-ch Blitz 2021"]
[Site "Sochi"]
[Date "2021.10.11"]
[Round "2.11"]
[White "Kokarev, Dmitry"]
[Black "Pershin, Denis"]
[Result "1-0"]
[WhiteElo "2579"]
[BlackElo "2388"]
[Annotator "ChessBase"]
[PlyCount "61"]
[EventDate "2021.10.11"]
[EventType "blitz"]
[EventCountry "RUS"]
[SourceTitle "playchess.com"]
[Source "ChessBase"]
[SourceQuality "1"]
[TimeControl "180+2"]

1. e4 {[%emt 0:00:00]} c6 {[%emt 0:00:04]} 2. d4 {[%emt 0:00:05]} d5 {[%emt 0:
00:00]} 3. Nc3 {[%emt 0:00:04]} dxe4 {[%emt 0:00:00]} 4. Nxe4 {[%emt 0:00:00]}
Bf5 {[%emt 0:00:06]} 5. Ng3 {[%emt 0:00:00]} Bg6 {[%emt 0:00:00]} 6. h4 {
[%emt 0:00:00]} h6 {[%emt 0:00:00]} 7. Nf3 {[%emt 0:00:07]} Nd7 {[%emt 0:00:00]
} 8. h5 {[%emt 0:00:00]} Bh7 {[%emt 0:00:00]} 9. Bd3 {[%emt 0:00:01]} Bxd3 {
[%emt 0:00:03]} 10. Qxd3 {[%emt 0:00:00]} e6 {[%emt 0:00:04]} 11. Bd2 {[%emt 0:
00:00]} Ngf6 {[%emt 0:00:00]} 12. O-O-O {[%emt 0:00:09]} Be7 {[%emt 0:00:01]}
13. Ne4 {[%emt 0:00:00]} O-O {[%emt 0:00:00]} 14. Nxf6+ {[%emt 0:00:02]} Nxf6 {
[%emt 0:00:08]} 15. g4 {[%emt 0:00:04]} Nxg4 {[%emt 0:00:00]} 16. Qe2 {[%emt 0:
00:05]} f5 {[%emt 0:00:34]} 17. Qxe6+ {[%emt 0:00:12]} Rf7 {[%emt 0:00:39]} 18.
Ne5 {[%emt 0:00:10]} Nxe5 {[%emt 0:00:05]} 19. dxe5 {[%emt 0:00:00]} Qe8 {
[%emt 0:00:25]} 20. Rhg1 {[%emt 0:00:33]} Bg5 {[%emt 0:00:29]} 21. Qxe8+ {
[%emt 0:00:08]} Rxe8 {[%emt 0:00:00]} 22. f4 {[%emt 0:00:00]} Bd8 {[%emt 0:00:
05]} 23. Be3 {[%emt 0:00:05]} Bc7 {[%emt 0:00:12]} 24. c4 {[%emt 0:00:05]} Kh7
{[%emt 0:00:06]} 25. Rg6 {[%emt 0:00:08]} a6 {[%emt 0:00:11]} 26. Kc2 {[%emt 0:
00:00]} Rd8 {[%emt 0:00:09]} 27. Rxd8 {[%emt 0:00:20]} Bxd8 {[%emt 0:00:01]}
28. Bc5 {[%emt 0:00:03]} Kg8 {[%emt 0:00:28]} 29. e6 {[%emt 0:00:18]} Rc7 {
[%emt 0:00:00]} 30. Bd6 {[%emt 0:00:03]} c5 {[%emt 0:00:03]} 31. Bxc7 {[%emt 0:
00:03]} 1-0

[Event "RUS-ch Blitz 2021"]
[Site "Sochi"]
[Date "2021.10.11"]
[Round "2.12"]
[White "Smirnov, Timofey"]
[Black "Iljiushenok, Ilia"]
[Result "1-0"]
[WhiteElo "2409"]
[BlackElo "2554"]
[Annotator "ChessBase"]
[PlyCount "73"]
[EventDate "2021.10.11"]
[EventType "blitz"]
[EventCountry "RUS"]
[SourceTitle "playchess.com"]
[Source "ChessBase"]
[SourceQuality "1"]
[TimeControl "180+2"]

1. e4 {[%emt 0:00:00]} c5 {[%emt 0:00:05]} 2. Nf3 {[%emt 0:00:02]} d6 {[%emt 0:
00:00]} 3. d4 {[%emt 0:00:05]} cxd4 {[%emt 0:00:01]} 4. Nxd4 {[%emt 0:00:00]}
Nf6 {[%emt 0:00:00]} 5. Nc3 {[%emt 0:00:06]} a6 {[%emt 0:00:00]} 6. Be2 {
[%emt 0:00:00]} e5 {[%emt 0:00:00]} 7. Nb3 {[%emt 0:00:00]} Be7 {[%emt 0:00:04]
} 8. Be3 {[%emt 0:00:00]} O-O {[%emt 0:00:13]} 9. O-O {[%emt 0:00:05]} Be6 {
[%emt 0:00:00]} 10. Nd5 {[%emt 0:00:03]} Nbd7 {[%emt 0:00:12]} 11. Qd3 {
[%emt 0:00:07]} Bxd5 {[%emt 0:00:18]} 12. exd5 {[%emt 0:00:04]} Qb8 {[%emt 0:
00:19]} 13. c4 {[%emt 0:00:18]} Rc8 {[%emt 0:00:05]} 14. Rac1 {[%emt 0:00:40]}
a5 {[%emt 0:00:19]} 15. Nd2 {[%emt 0:00:23]} Bd8 {[%emt 0:00:06]} 16. Ne4 {
[%emt 0:00:31]} Nxe4 {[%emt 0:00:14]} 17. Qxe4 {[%emt 0:00:04]} Bb6 {[%emt 0:
00:17]} 18. Qf5 {[%emt 0:00:09]} Rc7 {[%emt 0:00:15]} 19. Bxb6 {[%emt 0:00:10]}
Nxb6 {[%emt 0:00:05]} 20. c5 {[%emt 0:00:00]} Rxc5 {[%emt 0:00:02]} 21. Rxc5 {
[%emt 0:00:05]} dxc5 {[%emt 0:00:00]} 22. f4 {[%emt 0:00:09]} e4 {[%emt 0:00:
24]} 23. Qxe4 {[%emt 0:00:09]} Qd6 {[%emt 0:00:04]} 24. Bf3 {[%emt 0:00:10]}
Rd8 {[%emt 0:00:00]} 25. Rc1 {[%emt 0:00:12]} g6 {[%emt 0:00:00]} 26. Qe5 {
[%emt 0:00:11]} c4 {[%emt 0:00:00]} 27. Qxd6 {[%emt 0:00:06]} Rxd6 {[%emt 0:00:
01]} 28. Kf2 {[%emt 0:00:00]} Nxd5 {[%emt 0:00:24]} 29. Rd1 {[%emt 0:00:00]}
Rb6 {[%emt 0:00:03]} 30. Bxd5 {[%emt 0:00:07]} Rxb2+ {[%emt 0:00:00]} 31. Ke3 {
[%emt 0:00:02]} b5 {[%emt 0:00:00]} 32. a4 {[%emt 0:00:04]} bxa4 {[%emt 0:00:
00]} 33. Ra1 {[%emt 0:00:01]} c3 {[%emt 0:00:06]} 34. Rxa4 {[%emt 0:00:04]} Rd2
{[%emt 0:00:04]} 35. Be4 {[%emt 0:00:00]} f5 {[%emt 0:00:01]} 36. Bb1 {[%emt 0:
00:01]} c2 {[%emt 0:00:01]} 37. Ba2+ {[%emt 0:00:02]} 1-0

[Event "RUS-ch Blitz 2021"]
[Site "Sochi"]
[Date "2021.10.11"]
[Round "2.13"]
[White "Pridorozhni, Aleksei"]
[Black "Ivanov, Alexander Al."]
[Result "1-0"]
[WhiteElo "2564"]
[BlackElo "2400"]
[Annotator "ChessBase"]
[PlyCount "55"]
[EventDate "2021.10.11"]
[EventType "blitz"]
[EventCountry "RUS"]
[SourceTitle "playchess.com"]
[Source "ChessBase"]
[SourceQuality "1"]
[TimeControl "180+2"]

1. e4 {[%emt 0:00:05]} d6 {[%emt 0:00:00]} 2. d4 {[%emt 0:00:03]} Nf6 {[%emt 0:
00:01]} 3. f3 {[%emt 0:00:00]} c6 {[%emt 0:00:00]} 4. c4 {[%emt 0:00:04]} e5 {
[%emt 0:00:04]} 5. d5 {[%emt 0:00:00]} Be7 {[%emt 0:00:00]} 6. Nc3 {[%emt 0:00:
04]} O-O {[%emt 0:00:03]} 7. Be3 {[%emt 0:00:00]} c5 {[%emt 0:00:02]} 8. Nge2 {
[%emt 0:00:04]} Nbd7 {[%emt 0:00:19]} 9. Qd2 {[%emt 0:00:01]} h6 {[%emt 0:00:
00]} 10. g4 {[%emt 0:00:03]} Nh7 {[%emt 0:00:02]} 11. Ng3 {[%emt 0:00:00]} Bg5
{[%emt 0:00:05]} 12. Nf5 {[%emt 0:00:05]} Bxe3 {[%emt 0:00:05]} 13. Qxe3 {
[%emt 0:00:04]} Ndf6 {[%emt 0:00:15]} 14. h4 {[%emt 0:00:00]} Bxf5 {[%emt 0:00:
03]} 15. exf5 {[%emt 0:00:01]} e4 {[%emt 0:01:11]} 16. Nxe4 {[%emt 0:00:02]}
Nxe4 {[%emt 0:00:00]} 17. fxe4 {[%emt 0:00:07]} Re8 {[%emt 0:00:17]} 18. O-O-O
{[%emt 0:00:03]} Nf6 {[%emt 0:00:00]} 19. g5 {[%emt 0:00:07]} hxg5 {[%emt 0:01:
02]} 20. hxg5 {[%emt 0:00:00]} Nxe4 {[%emt 0:00:00]} 21. f6 {[%emt 0:00:09]}
Nxf6 {[%emt 0:00:10]} 22. Qh3 {[%emt 0:00:00]} Kf8 {[%emt 0:00:00]} 23. gxf6 {
[%emt 0:00:34]} Qxf6 {[%emt 0:00:00]} 24. Qh8+ {[%emt 0:00:03]} Ke7 {[%emt 0:
00:09]} 25. Re1+ {[%emt 0:00:00]} Kd7 {[%emt 0:00:02]} 26. Bh3+ {[%emt 0:00:01]
} Kc7 {[%emt 0:00:00]} 27. Rxe8 {[%emt 0:00:06]} Qg6 {[%emt 0:00:03]} 28. Qxg7
{[%emt 0:00:05]} 1-0